Ngôn ngữ học đối chiếu

Uloženo v:
Podrobná bibliografie
Médium: Kniha
Vydáno: 1992
Tagy: Přidat tag
Žádné tagy, Buďte první, kdo otaguje tento záznam!
Thư viện lưu trữ: Mạng thư viện Đại học Đà Nẵng
LEADER 00448nam a22001811a 4500
001 000039028
003 15323
005 20160412021909.0
008 160412s1992 000
082 |a 4V(TK)536 
245 |a Ngôn ngữ học đối chiếu  |c Nguyễn Văn Chiến 
260 |c 1992 
OWN |a LNN 
999 |a From the UDN01 
TYP |a Monograph 
980 |a Mạng thư viện Đại học Đà Nẵng